| 000 | 00614nam a22002057a 4500 | ||
|---|---|---|---|
| 005 | 20140310183632.0 | ||
| 008 | 131120b xxu||||| |||| 00| 0 eng d | ||
| 020 | _a9780070146860 | ||
| 050 |
_a HF 5635 _b.M432 2011 |
||
| 100 | _aMathur, Satish B. | ||
| 245 |
_aAccounting for management / _cSatish B. Mathur |
||
| 260 |
_aNew Delhi : _bTata McGraw-Hill Education, _c2011. |
||
| 300 |
_axxiv, 666 p. : _bill. ; _c24 cm. |
||
| 500 | _aIncludes Bibliographic References and Index. | ||
| 521 | _aBSA | ||
| 650 | _aManagerial accounting. | ||
| 942 |
_2lcc _cBK _kFOR |
||
| 999 |
_c25631 _d25631 |
||